000 00703nam a22001937a 4500
003 CEME
005 20210628203200.0
008 210119b xxu||||| |||| 00| 0 eng d
020 _a0-471-66782-X
040 _cceme
082 _a621.3824 BAL
100 _aBalanis, Constantine . A
_918297
245 _aAntenna theory , analysis and design
250 _a3RD
260 _aNEW YORK
_bJOHN WILEY
_c2005
300 _aXVII,1118 P
650 _aANTENNA ELECTRONICS.ANTENNAS.LINEAR WIRE ANTENNAS.LOOP ANTENNAS.ANTENNA SYNTHESIS.TRAVELING WAVE AND BROADBAND ANTENNAS.APERTURE ANTENNAS.HORN ANTENNAS.MICROSTRIP ANTENNAS.REFLECTOR ANTENNAS.SMART ANTENNAS.ANTENNAS MEASUREMENTS
_963817
942 _cBK
_2ddc
999 _c572528
_d572528